Local development plans Wales (Record no. 105147)

MARC details
000 -LEADER
fixed length control field 01129cam a2200205 4500
001 - CONTROL NUMBER
control field ##L132479
008 - FIXED-LENGTH DATA ELEMENTS--GENERAL INFORMATION
fixed length control field 060213n2005 000 0 eng u
035 ## - SYSTEM CONTROL NUMBER
System control number (Sirsi) u132479
041 0# - LANGUAGE CODE
Language code of text/sound track or separate title eng
050 04 - LIBRARY OF CONGRESS CALL NUMBER
Classification number 711.1429 $2 18
110 1# - MAIN ENTRY--CORPORATE NAME
Corporate name or jurisdiction name as entry element Wales
Subordinate unit National Assembly for Wales
9 (RLIN) 4836
245 ## - TITLE STATEMENT
Title Local development plans Wales
Medium [electronic resource]
260 ## - PUBLICATION, DISTRIBUTION, ETC.
Place of publication, distribution, etc. Cardiff
Name of publisher, distributor, etc. National Assembly for Wales
Date of publication, distribution, etc. 2005
520 ## - SUMMARY, ETC.
Summary, etc. Contains guidance issued by the Welsh Assembly Government on the new Local Development Plans (LDPs) set to replace Unitary Development Plans (UDPs) in Wales. Also provides transitional provisions to allow certain authorities to continue work on their UDPs. An LDP manual and general advice for the public on the new arrangements will be published in the next few months.
590 ## - LOCAL NOTE (RLIN)
Local note IKA140206
651 #4 - SUBJECT ADDED ENTRY--GEOGRAPHIC NAME
Geographic name Wales
Chronological subdivision 1998-2007
690 ## - LOCAL SUBJECT ADDED ENTRY--TOPICAL TERM (OCLC, RLIN)
Topical term or geographic name as entry element ENVIRONMENTAL AND LAND CONSULTANCY-PLANNING AND DEVELOPMENT-PLANNING GUIDANCE-LOCAL DEVELOPMENT PLANS
856 40 - ELECTRONIC LOCATION AND ACCESS
Uniform Resource Identifier <a href="https://wales.gov.uk/topics/planning/policy/developplans/LDPWales?lang=en">https://wales.gov.uk/topics/planning/policy/developplans/LDPWales?lang=en</a>
Public note View the document free of charge at www.wales.gov.uk...
942 ## - ADDED ENTRY ELEMENTS (KOHA)
Suppress in OPAC 0
Holdings
Withdrawn status Lost status Source of classification or shelving scheme Damaged status Not for loan Home library Current library Shelving location Date acquired Total Checkouts Full call number Barcode Date last seen Copy number Price effective from Koha item type
    Dewey Decimal Classification     Virtual Virtual Online 13/02/2006   ONLINE PUBLICATION 132479-2001 06/08/2019 1 06/08/2019 Book